|
|
|
|
| LEADER |
00000nam a2200000 a 4500 |
| 001 |
vtls001346817 |
| 003 |
SK-MaSNL |
| 005 |
20260301041149.0 |
| 008 |
240226s1998 xo ab r hun |
| 015 |
|
|
|a SNBA1999/02-00412
|
| 020 |
|
|
|a 8085452995
|
| 035 |
|
|
|a SNK000300064
|
| 035 |
|
|
|a urn:nbn:sk:snk-amkie0
|
| 035 |
|
|
|a urn:nbn:sk:snk-am003tte
|
| 035 |
|
|
|a F374EB72-D6AE-474F-8CE8-4C549BA37418
|
| 040 |
|
|
|a SNK
|b slo
|c SNK
|e AACR2
|
| 041 |
0 |
|
|a hun
|
| 044 |
|
|
|a xo
|c SK
|
| 080 |
|
|
|a 372.891(075.2)=945.11
|2 1981
|
| 245 |
0 |
0 |
|a Földrajz 7
|b tankönyv az alapiskola 7. osztálya számára
|n 2. rész
|c [szerzők Štefan Očovský ... [et al.] ; fordította Hornyák István]]
|
| 246 |
1 |
0 |
|a Zemepis 7
|
| 250 |
|
|
|a 2. kiad.
|
| 260 |
|
|
|a Bratislava
|b Litera
|c 1998
|
| 300 |
|
|
|a 85 s.
|b fareb. fotogr., ilustr., mp., sch.
|c 21 cm
|
| 500 |
|
|
|a Tir. aj slov.
|
| 500 |
|
|
|a Údaj o aut. a prekl. prevzatý z rubu tit. strany
|
| 500 |
|
|
|a Ilustr. Ján Lacika, Jozef Szabó
|
| 650 |
0 |
7 |
|a geografia
|x učebnice zákl. škôl (7. roč.) maď.
|2 SNK
|9 342487
|
| 655 |
|
7 |
|a učebnice
|2 SNK
|9 22521
|
| 700 |
1 |
|
|a Očovský, Štefan
|4 aut
|9 279202
|
| 700 |
1 |
|
|a Blažík, Tibor
|4 aut
|9 11593
|
| 700 |
1 |
|
|a Čižmárová, Katarína,
|d 1956-
|4 aut
|9 253913
|
| 700 |
1 |
|
|a Kasala, Karol
|4 aut
|9 11978
|
| 700 |
1 |
|
|a Lacika, Ján,
|d 1956-
|4 aut
|4 ill
|9 101502
|
| 700 |
1 |
|
|a Švirecová, Blanka
|4 aut
|9 47307
|
| 700 |
1 |
|
|a Szabó, Jozef
|4 ill
|9 9221
|
| 700 |
1 |
|
|a Hornyák, István
|4 trl
|9 10740
|
| 919 |
|
|
|a 80-85452-99-5
|
| 958 |
|
|
|a OND
|
| 958 |
|
|
|a TL
|
| 958 |
|
|
|a UX
|
| 958 |
|
|
|a OP
|
| 958 |
|
|
|a HU
|
| 958 |
|
|
|a NS
|
| 968 |
|
|
|a Mag
|b SLO
|
| 999 |
|
|
|c 587747
|d 589677
|
| 952 |
|
|
|t P60, <09>, [BOOK], {629}
|a SNK
|b SNK
|y NEVYP
|7 0
|o snkC 841
|i snk1564/981102
|0 0
|1 0
|4 0
|d 1998-11-02
|l 0
|r 2005-01-02 00:00:00
|w 2026-02-23
|
| 952 |
|
|
|t P60, <03>, [BOOK], {603}
|a SNK
|b SNK
|y PREZ
|7 0
|p 17A0165776
|o snkSC 96016/2
|i snkKSP 10019/98
|0 0
|1 0
|4 0
|d 1998-11-02
|f 1
|l 0
|r 2025-09-16 00:00:00
|w 2026-02-23
|
| 952 |
|
|
|t P60, <04>, [BOOK], {604}
|a SNK
|b SNK
|y VYP
|7 0
|p 17A0165777
|o snkSC 96016/2 D1
|i snkKSP 10020/98
|0 0
|1 0
|4 0
|d 1998-11-02
|l 0
|r 2005-01-02 00:00:00
|w 2026-02-23
|